Stardew Valley Farm Types - Statistics

General Stats
  • This quiz has been taken 76 times
  • The average score is 6 of 8
Answer Stats
Hint Answer % Correct
Supply crates wash up here Beach Farm
95%
Lots of forage can be found here Forest Farm
90%
Good for Multiplayer Four Corners Farm
85%
Original farm map Standard Farm
81%
Comes with a free chicken coop Meadowlands Farm
61%
Good for fishing Riverland Farm
59%
Has a mini quarry Hill-Top Farm
56%
Monsters can spawn here Wilderness Farm
54%
No matching quizzes found
Score Distribution
Percent of People with Each Score
Percentile by Number Answered
Your Score History
You have not taken this quiz